| 000 | 00426nam a2200157Ia 4500 | ||
|---|---|---|---|
| 008 | 230312s9999||||xx |||||||||||||| ||und|| | ||
| 020 | _a81-8431-290-3 | ||
| 082 |
_a621.38173 _bBAK-L |
||
| 100 | _aBakshi,U.A | ||
| 245 | 0 | _aLinear IC Applications | |
| 260 |
_bTechnical Publications Pune _aIndia _c2008 |
||
| 300 | _aP-26 | ||
| 546 | _aEng. | ||
| 650 |
_aEngineering _vDifferential Ampifier,Operational Amplifier |
||
| 942 | _cBK | ||
| 999 |
_c1614 _d1614 |
||